Eastern Utah Libraries Catalog: Duchesne, Heber, Roosevelt, & Vernal

Clear and present danger (Record no. 29690)

MARC details
000 -LEADER
fixed length control field 02386cgm a2200577 a 4500
001 - CONTROL NUMBER
control field pms00306008
003 - CONTROL NUMBER IDENTIFIER
control field XX-XxUND
005 - DATE AND TIME OF LATEST TRANSACTION
control field 20250207135040.0
007 - PHYSICAL DESCRIPTION FIXED FIELD--GENERAL INFORMATION
fixed length control field vf cgaizq
008 - FIXED-LENGTH DATA ELEMENTS--GENERAL INFORMATION
fixed length control field 981029s1998 cau141 g vleng d
020 ## - INTERNATIONAL STANDARD BOOK NUMBER
International Standard Book Number 0792187172
020 ## - INTERNATIONAL STANDARD BOOK NUMBER
International Standard Book Number 0792152956 :
Terms of availability $22.49
024 1# - OTHER STANDARD IDENTIFIER
Standard number or code 097363246374
028 42 - PUBLISHER NUMBER
Publisher number 324637
Source Paramount
035 ## - SYSTEM CONTROL NUMBER
System control number (Sirsi) i9780792187172
035 ## - SYSTEM CONTROL NUMBER
System control number a163595
040 ## - CATALOGING SOURCE
Transcribing agency XX-XxUND
Description conventions rda
041 0# - LANGUAGE CODE
Language code of text/sound track or separate title eng
Language code of original and/or intermediate translations of text engspa
043 ## - GEOGRAPHIC AREA CODE
Geographic area code nc-----
082 04 - DEWEY DECIMAL CLASSIFICATION NUMBER
Classification number 791.4372
Item number CLE
Classification number FIC
082 ## - DEWEY DECIMAL CLASSIFICATION NUMBER
Classification number 791.437
092 ## - LOCALLY ASSIGNED DEWEY CALL NUMBER (OCLC)
Classification number NDVD CLE
092 ## - LOCALLY ASSIGNED DEWEY CALL NUMBER (OCLC)
Classification number 791.437
245 00 - TITLE STATEMENT
Title Clear and present danger
Medium [videorecording] /
Statement of responsibility, etc Paramount Pictures ; produced by Mace Neufeld, Robert Rehme, and Ralph S. Singleton ; directed by Phillip Noyce ; screenplay by Donald Stewart, Steven Zaillian, and John Milius.
250 ## - EDITION STATEMENT
Edition statement Widescreen version.
260 ## - PUBLICATION, DISTRIBUTION, ETC. (IMPRINT)
Place of publication, distribution, etc Hollywood, Calif. :
Name of publisher, distributor, etc Paramount Home Video,
Date of publication, distribution, etc c1998.
264 ## - Production, Publication, Distribution, Manufacture, and Copyright Notice.
Place of production, publication, distribution, manufacture Hollywood, Calif. :
Name of producer, publisher, distributor, manufacturer Paramount Home Video,
Date of production, publication, distribution, manufacture, or copyr c1998.
300 ## - PHYSICAL DESCRIPTION
Extent 1 videodisc (141 min.) :
Other physical details sd., col. ;
Dimensions 4 3/4 in.
500 ## - GENERAL NOTE
General note Based on the novel by Tom Clancy.
500 ## - GENERAL NOTE
General note Originally released as a motion picture in 1994.
508 ## - CREATION/PRODUCTION CREDITS NOTE
Creation/production credits note Director of photography, Donald M. McAlpine ; production designer, Terence Marsh ; editor, Neil Travis ; music, James Horner.
511 1# - PARTICIPANT OR PERFORMER NOTE
Participant or performer note Harrison Ford, Willem Dafoe, Ann Archer, James Earl Jones.
520 ## - SUMMARY, ETC.
Summary, etc Central America is about to explode: the U.S. ambassador to Colombia was murdered by drug lords, enemy agents are in the jungles-- and the FBI is on the job.
521 8# - TARGET AUDIENCE NOTE
Target audience note MPAA rating: PG-13.
538 ## - SYSTEM DETAILS NOTE
System details note Digital video disc, Dolby surround stereo.
540 ## - TERMS GOVERNING USE AND REPRODUCTION NOTE
Terms governing use and reproduction For private home use only.
546 ## - LANGUAGE NOTE
Language note Closed-captioned for the hearing impaired.
546 ## - LANGUAGE NOTE
Language note English captions with Spanish subtitles.
650 #0 - SUBJECT ADDED ENTRY--TOPICAL TERM
Topical term or geographic name as entry element Terrorism
Geographic subdivision Central America
Form subdivision Drama.
9 (RLIN) 6503916
650 #0 - SUBJECT ADDED ENTRY--TOPICAL TERM
Topical term or geographic name as entry element Ryan, Jack (Fictitious character)
Form subdivision Drama.
9 (RLIN) 6495912
650 #0 - SUBJECT ADDED ENTRY--TOPICAL TERM
Topical term or geographic name as entry element Video recordings for the hearing impaired.
9 (RLIN) 6131390
655 #0 - INDEX TERM--GENRE/FORM
Genre/form data or focus term Action and adventure films.
9 (RLIN) 5674017
655 #0 - INDEX TERM--GENRE/FORM
Genre/form data or focus term Feature films.
9 (RLIN) 6131389
700 1# - ADDED ENTRY--PERSONAL NAME
Personal name Noyce, Phillip.
9 (RLIN) 58448
700 1# - ADDED ENTRY--PERSONAL NAME
Personal name Ford, Harrison,
Dates associated with a name 1942-
9 (RLIN) 21898
700 1# - ADDED ENTRY--PERSONAL NAME
Personal name Dafoe, Willem.
9 (RLIN) 59728
700 1# - ADDED ENTRY--PERSONAL NAME
Personal name Archer, Anne.
9 (RLIN) 48123
700 1# - ADDED ENTRY--PERSONAL NAME
Personal name Clancy, Tom,
Dates associated with a name 1947-
9 (RLIN) 21025
710 2# - ADDED ENTRY--CORPORATE NAME
Corporate name or jurisdiction name as entry element Paramount Home Video (Firm)
9 (RLIN) 30620
942 ## - ADDED ENTRY ELEMENTS (KOHA)
Koha item type DVD
Source of classification or shelving scheme Dewey Decimal Classification
Holdings
Withdrawn status Lost status Source of classification or shelving scheme Damaged status Not for loan Collection code Home library Current library Shelving location Date acquired Source of acquisition Total Checkouts Total Renewals Full call number Barcode Date last seen Date checked out Cost, replacement price Price effective from Koha item type
    Dewey Decimal Classification     Movies Wasatch County Library Wasatch County Library Audio Visual Area 12/10/2020 Donation 11 11 Movie Clear and Present Danger 34301002110163 03/04/2025 02/19/2025 5.99 12/10/2020 DVD
This project was made possible through a grant from the Institute of Museum and Library Service administered by the Utah State Library Division.

Wasatch County Library

  • 465 East 1200 South, Heber City, Utah 84032
  • Phone 435-654-1511 | Fax 435-654-6456

Hours

  • Monday - Friday 9:30 AM - 8:00 PM
  • Saturday 9:30 AM - 1:30 PM
  • Closed Sundays and Holidays